<?xml version="1.0" encoding="UTF-8"?>
<record
    xmlns:xsi="http://www.w3.org/2001/XMLSchema-instance"
    xsi:schemaLocation="http://www.loc.gov/MARC21/slim http://www.loc.gov/standards/marcxml/schema/MARC21slim.xsd"
    xmlns="http://www.loc.gov/MARC21/slim">

  <leader>00381nam a22001697a 4500</leader>
  <controlfield tag="005">20160623110022.0</controlfield>
  <controlfield tag="008">160623b        xxu||||| |||| 00| 0 eng d</controlfield>
  <datafield tag="020" ind1=" " ind2=" ">
    <subfield code="a">81-86314-50-4</subfield>
  </datafield>
  <datafield tag="041" ind1=" " ind2=" ">
    <subfield code="a">eng</subfield>
  </datafield>
  <datafield tag="082" ind1=" " ind2=" ">
    <subfield code="b">9294</subfield>
  </datafield>
  <datafield tag="100" ind1=" " ind2=" ">
    <subfield code="a">Ghanekar, Dr Anjali</subfield>
    <subfield code="9">2557</subfield>
  </datafield>
  <datafield tag="245" ind1=" " ind2=" ">
    <subfield code="a">Communication Skill</subfield>
  </datafield>
  <datafield tag="260" ind1=" " ind2=" ">
    <subfield code="b">EPH</subfield>
    <subfield code="c">2007</subfield>
  </datafield>
  <datafield tag="300" ind1=" " ind2=" ">
    <subfield code="a">202</subfield>
  </datafield>
  <datafield tag="650" ind1=" " ind2=" ">
    <subfield code="a">Management</subfield>
    <subfield code="9">241</subfield>
  </datafield>
  <datafield tag="942" ind1=" " ind2=" ">
    <subfield code="c">BK</subfield>
  </datafield>
  <datafield tag="999" ind1=" " ind2=" ">
    <subfield code="c">3644</subfield>
    <subfield code="d">3643</subfield>
  </datafield>
  <datafield tag="952" ind1=" " ind2=" ">
    <subfield code="0">0</subfield>
    <subfield code="1">0</subfield>
    <subfield code="4">0</subfield>
    <subfield code="7">0</subfield>
    <subfield code="8">LIFE SKILL</subfield>
    <subfield code="a">JRU</subfield>
    <subfield code="b">JRU</subfield>
    <subfield code="c">SHELF-102-D</subfield>
    <subfield code="d">2016-06-23</subfield>
    <subfield code="l">2</subfield>
    <subfield code="o">9294</subfield>
    <subfield code="p">9294</subfield>
    <subfield code="r">2018-01-19 00:00:00</subfield>
    <subfield code="s">2018-01-05</subfield>
    <subfield code="w">2016-06-23</subfield>
    <subfield code="y">BK</subfield>
  </datafield>
  <datafield tag="952" ind1=" " ind2=" ">
    <subfield code="0">0</subfield>
    <subfield code="1">0</subfield>
    <subfield code="4">0</subfield>
    <subfield code="7">0</subfield>
    <subfield code="a">JRU</subfield>
    <subfield code="b">MAIN</subfield>
    <subfield code="c">SHELF-102-D</subfield>
    <subfield code="d">2016-06-23</subfield>
    <subfield code="l">6</subfield>
    <subfield code="m">2</subfield>
    <subfield code="o">9294</subfield>
    <subfield code="p">9295</subfield>
    <subfield code="r">2018-12-14 00:00:00</subfield>
    <subfield code="s">2018-12-13</subfield>
    <subfield code="w">2016-06-23</subfield>
    <subfield code="y">BK</subfield>
  </datafield>
  <datafield tag="952" ind1=" " ind2=" ">
    <subfield code="0">0</subfield>
    <subfield code="1">0</subfield>
    <subfield code="4">0</subfield>
    <subfield code="7">0</subfield>
    <subfield code="8">LIFE SKILL</subfield>
    <subfield code="a">JRU</subfield>
    <subfield code="b">JRU</subfield>
    <subfield code="c">SHELF-102-D</subfield>
    <subfield code="d">2016-06-23</subfield>
    <subfield code="l">8</subfield>
    <subfield code="o">9294</subfield>
    <subfield code="p">9296</subfield>
    <subfield code="r">2019-11-25 00:00:00</subfield>
    <subfield code="s">2019-11-18</subfield>
    <subfield code="w">2016-06-23</subfield>
    <subfield code="y">BK</subfield>
  </datafield>
  <datafield tag="952" ind1=" " ind2=" ">
    <subfield code="0">0</subfield>
    <subfield code="1">0</subfield>
    <subfield code="4">0</subfield>
    <subfield code="7">0</subfield>
    <subfield code="8">LIFE SKILL</subfield>
    <subfield code="a">JRU</subfield>
    <subfield code="b">JRU</subfield>
    <subfield code="c">SHELF-102-D</subfield>
    <subfield code="d">2016-06-23</subfield>
    <subfield code="l">15</subfield>
    <subfield code="m">2</subfield>
    <subfield code="o">9294</subfield>
    <subfield code="p">9297</subfield>
    <subfield code="r">2024-09-20 12:39:52</subfield>
    <subfield code="s">2024-09-10</subfield>
    <subfield code="w">2016-06-23</subfield>
    <subfield code="y">BK</subfield>
  </datafield>
  <datafield tag="952" ind1=" " ind2=" ">
    <subfield code="0">0</subfield>
    <subfield code="1">0</subfield>
    <subfield code="4">0</subfield>
    <subfield code="7">0</subfield>
    <subfield code="a">JRU</subfield>
    <subfield code="d">2016-06-23</subfield>
    <subfield code="l">3</subfield>
    <subfield code="m">1</subfield>
    <subfield code="o">9294</subfield>
    <subfield code="p">9298</subfield>
    <subfield code="r">2017-02-09 00:00:00</subfield>
    <subfield code="s">2017-01-28</subfield>
    <subfield code="w">2016-06-23</subfield>
    <subfield code="y">BK</subfield>
  </datafield>
  <datafield tag="952" ind1=" " ind2=" ">
    <subfield code="0">0</subfield>
    <subfield code="1">0</subfield>
    <subfield code="4">0</subfield>
    <subfield code="7">0</subfield>
    <subfield code="8">LIFE SKILL</subfield>
    <subfield code="a">JRU</subfield>
    <subfield code="b">JRU</subfield>
    <subfield code="c">SHELF-102-D</subfield>
    <subfield code="d">2016-06-23</subfield>
    <subfield code="l">2</subfield>
    <subfield code="o">9294</subfield>
    <subfield code="p">9299</subfield>
    <subfield code="r">2016-10-27 00:00:00</subfield>
    <subfield code="s">2016-10-19</subfield>
    <subfield code="w">2016-06-23</subfield>
    <subfield code="y">BK</subfield>
  </datafield>
  <datafield tag="952" ind1=" " ind2=" ">
    <subfield code="0">0</subfield>
    <subfield code="1">0</subfield>
    <subfield code="4">0</subfield>
    <subfield code="7">0</subfield>
    <subfield code="8">LIFE SKILL</subfield>
    <subfield code="a">JRU</subfield>
    <subfield code="b">JRU</subfield>
    <subfield code="c">SHELF-102-D</subfield>
    <subfield code="d">2016-06-23</subfield>
    <subfield code="l">5</subfield>
    <subfield code="o">9294</subfield>
    <subfield code="p">9300</subfield>
    <subfield code="r">2025-01-02 15:15:21</subfield>
    <subfield code="s">2024-12-26</subfield>
    <subfield code="w">2016-06-23</subfield>
    <subfield code="y">BK</subfield>
  </datafield>
  <datafield tag="952" ind1=" " ind2=" ">
    <subfield code="0">0</subfield>
    <subfield code="1">0</subfield>
    <subfield code="4">0</subfield>
    <subfield code="7">0</subfield>
    <subfield code="8">LIFE SKILL</subfield>
    <subfield code="a">JRU</subfield>
    <subfield code="b">JRU</subfield>
    <subfield code="c">SHELF-102-D</subfield>
    <subfield code="d">2016-06-23</subfield>
    <subfield code="l">12</subfield>
    <subfield code="o">9294</subfield>
    <subfield code="p">9301</subfield>
    <subfield code="r">2019-01-08 00:00:00</subfield>
    <subfield code="s">2019-01-04</subfield>
    <subfield code="w">2016-06-23</subfield>
    <subfield code="y">BK</subfield>
  </datafield>
  <datafield tag="952" ind1=" " ind2=" ">
    <subfield code="0">0</subfield>
    <subfield code="1">0</subfield>
    <subfield code="4">0</subfield>
    <subfield code="7">0</subfield>
    <subfield code="8">LIFE SKILL</subfield>
    <subfield code="a">JRU</subfield>
    <subfield code="b">JRU</subfield>
    <subfield code="c">SHELF-102-D</subfield>
    <subfield code="d">2016-06-23</subfield>
    <subfield code="l">8</subfield>
    <subfield code="m">1</subfield>
    <subfield code="o">9294</subfield>
    <subfield code="p">9302</subfield>
    <subfield code="r">2018-10-01 00:00:00</subfield>
    <subfield code="s">2018-09-19</subfield>
    <subfield code="w">2016-06-23</subfield>
    <subfield code="y">BK</subfield>
  </datafield>
  <datafield tag="952" ind1=" " ind2=" ">
    <subfield code="0">0</subfield>
    <subfield code="1">0</subfield>
    <subfield code="4">0</subfield>
    <subfield code="7">0</subfield>
    <subfield code="8">LIFE SKILL</subfield>
    <subfield code="a">JRU</subfield>
    <subfield code="b">JRU</subfield>
    <subfield code="c">SHELF-102-D</subfield>
    <subfield code="d">2016-06-23</subfield>
    <subfield code="l">2</subfield>
    <subfield code="o">9294</subfield>
    <subfield code="p">9303</subfield>
    <subfield code="r">2025-10-17 16:59:18</subfield>
    <subfield code="s">2025-10-13</subfield>
    <subfield code="w">2016-06-23</subfield>
    <subfield code="y">BK</subfield>
  </datafield>
  <datafield tag="952" ind1=" " ind2=" ">
    <subfield code="0">0</subfield>
    <subfield code="1">0</subfield>
    <subfield code="4">0</subfield>
    <subfield code="7">0</subfield>
    <subfield code="8">LIFE SKILL</subfield>
    <subfield code="a">JRU</subfield>
    <subfield code="b">JRU</subfield>
    <subfield code="c">SHELF-102-D</subfield>
    <subfield code="d">2016-06-23</subfield>
    <subfield code="l">8</subfield>
    <subfield code="m">2</subfield>
    <subfield code="o">9294</subfield>
    <subfield code="p">9304</subfield>
    <subfield code="r">2018-01-23 00:00:00</subfield>
    <subfield code="s">2018-01-06</subfield>
    <subfield code="w">2016-06-23</subfield>
    <subfield code="y">BK</subfield>
  </datafield>
  <datafield tag="952" ind1=" " ind2=" ">
    <subfield code="0">0</subfield>
    <subfield code="1">0</subfield>
    <subfield code="4">0</subfield>
    <subfield code="7">0</subfield>
    <subfield code="8">LIFE SKILL</subfield>
    <subfield code="a">JRU</subfield>
    <subfield code="b">JRU</subfield>
    <subfield code="c">SHELF-102-D</subfield>
    <subfield code="d">2016-06-23</subfield>
    <subfield code="l">5</subfield>
    <subfield code="o">9294</subfield>
    <subfield code="p">9305</subfield>
    <subfield code="r">2019-08-14 00:00:00</subfield>
    <subfield code="s">2019-08-05</subfield>
    <subfield code="w">2016-06-23</subfield>
    <subfield code="y">BK</subfield>
  </datafield>
</record>
